[Event "4NCL/Div2/RIC vs. WRO"]
[Site "Coventry ENG"]
[Date "2007.01.13"]
[Round "5.1"]
[White "Bates, Richard A"]
[Black "Van de Griendt, Jan W"]
[Result "1/2-1/2"]
[WhiteElo "2376"]
[BlackElo "2366"]
[PlyCount "34"]
[EventDate "2007.01.13"]
[EventType "team"]
[EventRounds "11"]
[EventCountry "ENG"]
[WhiteTeam "Richmond"]
[BlackTeam "White Rose"]

1. d4 Nf6 2. Nf3 e6 3. c4 c5 4. d5 exd5 5. cxd5 d6 6. e4 g6 7. h3 Bg7 8. Bd3
O-O 9. O-O Re8 10. Re1 Nbd7 11. Nc3 Nh5 12. Bf1 Ne5 13. g4 Nxf3+ 14. Qxf3 Nf6
15. Bg5 h6 16. Bh4 a6 17. Rad1 g5 1/2-1/2

[Event "4NCL/Div2/RIC vs. WRO"]
[Site "Coventry ENG"]
[Date "2007.01.13"]
[Round "5.2"]
[White "Kaid, Almar"]
[Black "Wall, Gavin"]
[Result "1/2-1/2"]
[WhiteElo "2276"]
[BlackElo "2326"]
[PlyCount "40"]
[EventDate "2007.01.13"]
[EventType "team"]
[EventRounds "11"]
[EventCountry "ENG"]
[WhiteTeam "White Rose"]
[BlackTeam "Richmond"]

1. c4 d6 2. g3 f5 3. Bg2 Nf6 4. Nc3 e5 5. d3 Be7 6. e4 fxe4 7. dxe4 O-O 8. Nge2
Qe8 9. h3 Nc6 10. g4 Qf7 11. Be3 Qxc4 12. g5 Nh5 13. Nd5 Bd8 14. Nec3 Nd4 15.
Qxh5 Nc2+ 16. Kd2 Nxe3 17. Nxe3 Qb4 18. Ned1 g6 19. Qe2 Bxg5+ 20. Kc2 Be6
1/2-1/2

[Event "4NCL/Div2/RIC vs. WRO"]
[Site "Coventry ENG"]
[Date "2007.01.13"]
[Round "5.3"]
[White "Bisby, Daniel L"]
[Black "Levitt, Mark"]
[Result "1/2-1/2"]
[WhiteElo "2279"]
[BlackElo "2263"]
[PlyCount "92"]
[EventDate "2007.01.13"]
[EventType "team"]
[EventRounds "11"]
[EventCountry "ENG"]
[WhiteTeam "Richmond"]
[BlackTeam "White Rose"]

1. e4 c5 2. Nf3 d6 3. d4 cxd4 4. Nxd4 Nf6 5. Nc3 a6 6. Be3 e6 7. g4 b5 8. f3 b4
9. Na4 Bd7 10. b3 Bxa4 11. bxa4 Qc7 12. g5 Nfd7 13. Bd3 Nb6 14. O-O e5 15. Nf5
g6 16. Nh6 N8d7 17. f4 Nc4 18. Ng4 Nxe3 19. Nxe3 Qc5 20. Qf3 exf4 21. Qxf4 Ne5
22. Kh1 h6 23. gxh6 Bxh6 24. Qf6 Rh7 25. Nd5 Kf8 26. Qe7+ Kg7 27. Nc7 Qa7 28.
Qf6+ Kg8 29. Nxa8 Bf8 30. Qd8 Ng4 31. Nb6 Rxh2+ 32. Kg1 Kg7 33. Rf4 Be7 34.
Rxf7+ Kxf7 35. Bc4+ Kf6 36. Rf1+ Kg5 37. Rf5+ gxf5 38. Qg8+ Kf4 39. a5 Qc7 40.
Nd5+ Kf3 41. Nxc7 Rg2+ 42. Kf1 Ne3+ 43. Ke1 Rxg8 44. Bxg8 fxe4 45. Nxa6 Nxc2+
46. Kd2 e3+ 1/2-1/2

[Event "4NCL/Div2/RIC vs. WRO"]
[Site "Coventry ENG"]
[Date "2007.01.13"]
[Round "5.4"]
[White "Adams, David M"]
[Black "Osborne, Marcus E"]
[Result "1/2-1/2"]
[WhiteElo "2232"]
[BlackElo "2257"]
[PlyCount "124"]
[EventDate "2007.01.13"]
[EventType "team"]
[EventRounds "11"]
[EventCountry "ENG"]
[WhiteTeam "White Rose"]
[BlackTeam "Richmond"]

1. e4 c5 2. Nf3 e6 3. c3 d5 4. exd5 Qxd5 5. d4 Nf6 6. Be2 cxd4 7. cxd4 Bb4+ 8.
Nc3 O-O 9. O-O Bxc3 10. bxc3 Nc6 11. Bf4 Qa5 12. Qc2 b6 13. Rab1 Ba6 14. c4
Rac8 15. Bd2 Qa3 16. Qb3 Qe7 17. Qa4 Bb7 18. Bg5 h6 19. Bxf6 Qxf6 20. c5 Rfd8
21. Rfd1 Ne7 22. Qxa7 Be4 23. Rbc1 bxc5 24. Rxc5 Ra8 25. Qb6 Rdb8 26. Qd6 Rd8
27. Qe5 Qxe5 28. Nxe5 Rxa2 29. Bc4 Ra4 30. Rc7 Kf8 31. Nd7+ Kg8 32. Nb6 Rb4 33.
f3 Nd5 34. Nxd5 Bxd5 35. Bd3 g6 36. Be2 Rdb8 37. Kf2 Rb2 38. Rdc1 Ra2 39. Rc8+
Rxc8 40. Rxc8+ Kg7 41. Ke3 f5 42. h4 f4+ 43. Kd3 Bb3 44. Rc5 Kf6 45. Re5 Bd5
46. Kc3 Ra1 47. Bd3 Rg1 48. Re2 Rh1 49. Be4 Rxh4 50. Bxd5 exd5 51. Kb4 Rh5 52.
Kc5 Rg5 53. Kd6 h5 54. Re6+ Kf7 55. Re7+ Kf6 56. Re6+ Kf7 57. Re7+ Kf8 58. Re2
h4 59. Ke6 Kg7 60. Ra2 Kh6 61. Ra8 Rxg2 62. Kf6 Kh7 1/2-1/2

[Event "4NCL/Div2/RIC vs. WRO"]
[Site "Coventry ENG"]
[Date "2007.01.13"]
[Round "5.5"]
[White "Meyer, Gordon"]
[Black "Gayson, Peter M"]
[Result "0-1"]
[WhiteElo "2178"]
[BlackElo "2237"]
[PlyCount "84"]
[EventDate "2007.01.13"]
[EventType "team"]
[EventRounds "11"]
[EventCountry "ENG"]
[WhiteTeam "Richmond"]
[BlackTeam "White Rose"]

1. e4 c5 2. Nc3 e6 3. Nf3 a6 4. d4 cxd4 5. Nxd4 d6 6. Be3 Nf6 7. g4 h6 8. Rg1
Nc6 9. Qe2 Qc7 10. h4 g6 11. O-O-O Bd7 12. g5 hxg5 13. hxg5 Nh5 14. Nxc6 Bxc6
15. Bd4 Bg7 16. Nd5 Bxd5 17. Bxg7 Nxg7 18. exd5 O-O-O 19. Rg3 Kb8 20. dxe6 Nxe6
21. Rb3 Qc5 22. Qf3 Qxg5+ 23. Kb1 Nc5 24. Bg2 Rd7 25. Rd5 Nxb3 26. axb3 Qe7 27.
Qc3 Re8 28. Ka2 Qe1 29. Qf3 Re5 30. Rd1 Qa5+ 31. Kb1 Re1 32. Bh3 Rde7 33. c3
Qh5 34. Bg4 Qe5 35. Rxe1 Qxe1+ 36. Ka2 Qe5 37. b4 f5 38. Bh3 a5 39. Bg2 axb4
40. cxb4 Qe4 41. Kb3 Qxf3+ 42. Bxf3 Re1 0-1

[Event "4NCL/Div2/RIC vs. WRO"]
[Site "Coventry ENG"]
[Date "2007.01.13"]
[Round "5.6"]
[White "Barrett, Steve J"]
[Black "Nixon, Thomas C M"]
[Result "0-1"]
[WhiteElo "2215"]
[BlackElo "2189"]
[PlyCount "88"]
[EventDate "2007.01.13"]
[EventType "team"]
[EventRounds "11"]
[EventCountry "ENG"]
[WhiteTeam "White Rose"]
[BlackTeam "Richmond"]

1. d4 d5 2. c4 e6 3. Nc3 Nf6 4. cxd5 exd5 5. Bg5 Be7 6. Qc2 Nbd7 7. e3 h6 8.
Bh4 O-O 9. Bd3 b6 10. Nf3 Bb7 11. O-O Ne8 12. Bg3 Bd6 13. Ne5 Bxe5 14. dxe5 Qe7
15. f4 c6 16. Qf2 f6 17. exf6 Nexf6 18. Bh4 Qe8 19. Qg3 Nc5 20. Bg6 Qe6 21. f5
Qe7 22. Qh3 Ba6 23. Rf3 Nd3 24. g4 Ne5 25. Rg3 Nxg6 26. fxg6 Bc8 27. Rf1 Qe6
28. Rf4 Bd7 29. Qg2 Rae8 30. h3 Ne4 31. Nxe4 dxe4 32. Rxf8+ Rxf8 33. g5 h5 34.
Qd2 Qf5 35. Kh2 Be6 36. Qd1 Qf2+ 37. Kh1 Bxa2 38. Qg1 Qf5 39. Rg2 Qxh3+ 40. Rh2
Qf3+ 41. Rg2 Be6 42. Qf2 Qh3+ 43. Rh2 Rxf2 44. Rxh3 Rf1+ 0-1

[Event "4NCL/Div2/RIC vs. WRO"]
[Site "Coventry ENG"]
[Date "2007.01.13"]
[Round "5.7"]
[White "Franklin, Michael J"]
[Black "Cumbers, Paul"]
[Result "1-0"]
[WhiteElo "2203"]
[BlackElo "2144"]
[PlyCount "77"]
[EventDate "2007.01.13"]
[EventType "team"]
[EventRounds "11"]
[EventCountry "ENG"]
[WhiteTeam "Richmond"]
[BlackTeam "White Rose"]

1. d4 Nf6 2. Nf3 e6 3. e3 b6 4. Nbd2 Bb7 5. Bd3 c5 6. c3 cxd4 7. exd4 Be7 8.
O-O O-O 9. Re1 d6 10. Qe2 Nbd7 11. Nc4 Re8 12. Bf4 Nf8 13. h3 Ng6 14. Bh2 Nd5
15. Qd2 b5 16. Ne3 Qd7 17. Nf1 Nb6 18. Qe2 a6 19. N1d2 Rac8 20. Ne4 Bd5 21.
Ned2 Qb7 22. Be4 Nc4 23. Bxd5 Qxd5 24. Nf1 Qc6 25. Bg3 d5 26. h4 Bd6 27. Ne5
Ncxe5 28. dxe5 Be7 29. h5 Nf8 30. Ne3 Nd7 31. Qg4 f5 32. exf6 Bxf6 33. Rad1
Rcd8 34. Qh3 Nc5 35. Ng4 Ne4 36. h6 Nxg3 37. Nxf6+ Kf7 38. Nxe8 Nf5 39. Nxg7
1-0

[Event "4NCL/Div2/RIC vs. WRO"]
[Site "Coventry ENG"]
[Date "2007.01.13"]
[Round "5.8"]
[White "Khakimova, Masura"]
[Black "Chevannes, Sabrina"]
[Result "1-0"]
[WhiteElo "1885"]
[BlackElo "2102"]
[PlyCount "137"]
[EventDate "2007.01.13"]
[EventType "team"]
[EventRounds "11"]
[EventCountry "ENG"]
[WhiteTeam "White Rose"]
[BlackTeam "Richmond"]

1. e4 c6 2. d4 d5 3. exd5 cxd5 4. Bd3 Nc6 5. c3 Qc7 6. Ne2 e6 7. Bf4 Bd6 8. Bg3
Nf6 9. Nd2 Bd7 10. Nf3 O-O 11. O-O e5 12. dxe5 Nxe5 13. Nxe5 Bxe5 14. Bxe5 Qxe5
15. Re1 Ng4 16. Ng3 Qf6 17. Qc2 Qh6 18. h3 Nf6 19. Nf5 Bxf5 20. Bxf5 Rfe8 21.
Rad1 Qf4 22. Bd3 a6 23. Be2 Re5 24. Bf3 Rae8 25. Rxe5 Rxe5 26. c4 Rg5 27. cxd5
g6 28. Qc8+ Kg7 29. Qc3 Qd6 30. Re1 h6 31. h4 Rf5 32. g4 Rf4 33. g5 hxg5 34.
hxg5 Rh4 35. Qxf6+ Qxf6 36. gxf6+ Kxf6 37. d6 Rd4 38. Bxb7 Rxd6 39. b3 Rd2 40.
Bxa6 Rxa2 41. Bc4 g5 42. Kg2 Kg6 43. b4 Rb2 44. b5 f5 45. Re6+ Kh5 46. Be2+ g4
47. Re5 Kh4 48. f4 Ra2 49. b6 Rb2 50. Re7 Kh5 51. b7 Kg6 52. Kf1 Rb1+ 53. Kf2
Rb2 54. Re6+ Kf7 55. Re5 Rxb7 56. Rxf5+ Ke7 57. Bxg4 Rb2+ 58. Kg3 Rb1 59. Re5+
Kf6 60. Re6+ Kf7 61. f5 Rb5 62. Kf4 Rb1 63. Kg5 Rg1 64. Ra6 Rf1 65. Ra7+ Kf8
66. f6 Rg1 67. Kf5 Rf1+ 68. Kg6 Ke8 69. Ra8# 1-0

[Event "4NCL/Div2/HKF2 vs. OXF1"]
[Site "Coventry ENG"]
[Date "2007.01.13"]
[Round "5.1"]
[White "Cooper, Lawrence"]
[Black "Savage, Ben D"]
[Result "1/2-1/2"]
[WhiteElo "2307"]
[BlackElo "2334"]
[PlyCount "45"]
[EventDate "2007.01.13"]
[EventType "team"]
[EventRounds "11"]
[EventCountry "ENG"]
[WhiteTeam "H Kingfisher 2"]
[BlackTeam "Oxford 1"]

1. e4 e5 2. Nf3 Nc6 3. Bb5 a6 4. Ba4 Nf6 5. O-O Be7 6. Re1 b5 7. Bb3 d6 8. c3
O-O 9. h3 Na5 10. Bc2 c5 11. d4 Nd7 12. Nbd2 exd4 13. cxd4 Nc6 14. d5 Nce5 15.
Nxe5 Nxe5 16. f4 Ng6 17. Nf3 Bh4 18. Nxh4 Qxh4 19. f5 Ne5 20. Rf1 Re8 21. Kh2
Nd7 22. g4 Qe7 23. Bf4 1/2-1/2

[Event "4NCL/Div2/HKF2 vs. OXF1"]
[Site "Coventry ENG"]
[Date "2007.01.13"]
[Round "5.2"]
[White "Ozeren, Kemal"]
[Black "Fowler, Simon"]
[Result "1-0"]
[WhiteElo "2298"]
[BlackElo "2218"]
[PlyCount "53"]
[EventDate "2007.01.13"]
[EventType "team"]
[EventRounds "11"]
[EventCountry "ENG"]
[WhiteTeam "Oxford 1"]
[BlackTeam "H Kingfisher 2"]

1. d4 d5 2. Nf3 c6 3. c4 e6 4. Bg5 f6 5. Bf4 dxc4 6. e4 b5 7. Be2 Bd6 8. Bxd6
Qxd6 9. Nc3 Ne7 10. O-O O-O 11. a4 b4 12. Nb1 f5 13. e5 Qd7 14. Bxc4 Ba6 15.
Bxa6 Nxa6 16. Qe2 Nc7 17. Nbd2 h6 18. Nb3 g5 19. Nfd2 Ng6 20. Qh5 Kh7 21. g3 g4
22. f3 Nd5 23. fxg4 fxg4 24. Ne4 Ne3 25. Rf6 Qe8 26. Ng5+ Kg7 27. Nxe6+ 1-0

[Event "4NCL/Div2/HKF2 vs. OXF1"]
[Site "Coventry ENG"]
[Date "2007.01.13"]
[Round "5.3"]
[White "McFarland, Robert S"]
[Black "White, Michael J R"]
[Result "0-1"]
[WhiteElo "2238"]
[BlackElo "2260"]
[PlyCount "76"]
[EventDate "2007.01.13"]
[EventType "team"]
[EventRounds "11"]
[EventCountry "ENG"]
[WhiteTeam "H Kingfisher 2"]
[BlackTeam "Oxford 1"]

1. Nf3 Nf6 2. g3 g6 3. Bg2 Bg7 4. c4 O-O 5. O-O d6 6. d4 Nbd7 7. Nc3 e5 8. h3
exd4 9. Nxd4 Nb6 10. b3 d5 11. c5 Nbd7 12. c6 Ne5 13. cxb7 Bxb7 14. Ba3 Re8 15.
Rc1 Rc8 16. Na4 Ne4 17. Nc5 Nxc5 18. Bxc5 Nd7 19. Qc2 c6 20. Rfd1 Nxc5 21. Qxc5
Bxd4 22. Rxd4 Rxe2 23. Qxa7 Qe7 24. a4 Re8 25. Qc5 Qxc5 26. Rxc5 Rb2 27. Rb4
Re1+ 28. Kh2 Rxf2 29. Rxb7 Ree2 30. Rxc6 Rxg2+ 31. Kh1 Rh2+ 32. Kg1 Reg2+ 33.
Kf1 Ra2 34. Kg1 Rhg2+ 35. Kh1 d4 36. Rf6 d3 37. Rfxf7 Rge2 38. Rg7+ Kf8 0-1

[Event "4NCL/Div2/HKF2 vs. OXF1"]
[Site "Coventry ENG"]
[Date "2007.01.13"]
[Round "5.4"]
[White "Eckersley-Waites, Tom"]
[Black "Burrows, Martin P"]
[Result "1-0"]
[WhiteElo "2159"]
[BlackElo "2230"]
[PlyCount "57"]
[EventDate "2007.01.13"]
[EventType "team"]
[EventRounds "11"]
[EventCountry "ENG"]
[WhiteTeam "Oxford 1"]
[BlackTeam "H Kingfisher 2"]

1. e4 c5 2. Nf3 d6 3. Bb5+ Nd7 4. d4 Ngf6 5. O-O Nxe4 6. Re1 Nef6 7. dxc5 dxc5
8. Bc4 e6 9. Ng5 Be7 10. Nxf7 Kxf7 11. Bxe6+ Kf8 12. Bf4 Ne8 13. Qh5 g6 14. Qf3
Ndf6 15. Bh6+ Ng7 16. Nc3 Bxe6 17. Rxe6 Kf7 18. Bxg7 Kxg7 19. Qxb7 Kf7 20. Rae1
Re8 21. g3 Ng8 22. Qf3+ Kg7 23. Nd5 Rb8 24. Qe4 Kf8 25. Qf4+ Kg7 26. Qe5+ Kf8
27. Re3 Bf6 28. Nxf6 Rxe6 29. Nxh7+ 1-0

[Event "4NCL/Div2/HKF2 vs. OXF1"]
[Site "Coventry ENG"]
[Date "2007.01.13"]
[Round "5.5"]
[White "Hagesaether, Arne"]
[Black "Rawlinson, Aidan"]
[Result "0-1"]
[WhiteElo "2160"]
[BlackElo "2186"]
[PlyCount "118"]
[EventDate "2007.01.13"]
[EventType "team"]
[EventRounds "11"]
[EventCountry "ENG"]
[WhiteTeam "H Kingfisher 2"]
[BlackTeam "Oxford 1"]

1. e4 c5 2. g3 d5 3. d3 Nc6 4. Nd2 Nf6 5. Bg2 e5 6. Ne2 Be7 7. O-O O-O 8. h3
dxe4 9. dxe4 b6 10. Re1 Bb7 11. Kh2 Qd7 12. c3 Rad8 13. g4 h6 14. Ng3 Nh7 15.
Qe2 Qd3 16. Nf5 Qxe2 17. Rxe2 Bg5 18. Nf3 Bxc1 19. Rxc1 Rd7 20. b4 cxb4 21.
cxb4 f6 22. b5 Na5 23. h4 Rfd8 24. Kg3 Nf8 25. g5 hxg5 26. hxg5 Ne6 27. gxf6
gxf6 28. Bh3 Nf4 29. Re3 Nxh3 30. Kxh3 Bc8 31. Kg2 Nb7 32. Rc6 Nd6 33. N3h4 Bb7
34. Rg3+ Kf8 35. Ng6+ Kf7 36. Nh8+ Ke6 37. Rxd6+ Rxd6 38. Nxd6 Rxd6 39. f3 Rd2+
40. Kh3 Rxa2 41. Rg7 Bc8 42. Ng6 Kd6+ 43. Kg3 Bd7 44. Rf7 Bxb5 45. Rxf6+ Kc5
46. Nxe5 a5 47. f4 Re2 48. Kf3 Re1 49. Rf8 a4 50. f5 a3 51. Ra8 Kb4 52. Kf4
Rf1+ 53. Nf3 Be2 54. e5 Bxf3 55. Ra7 Bc6+ 56. Kg5 Ba4 57. e6 a2 58. Rxa4+ Kxa4
59. e7 Re1 0-1

[Event "4NCL/Div2/HKF2 vs. OXF1"]
[Site "Coventry ENG"]
[Date "2007.01.13"]
[Round "5.6"]
[White "Shaw, David A"]
[Black "Wilson, Alexandra"]
[Result "1-0"]
[WhiteElo "2202"]
[BlackElo "2056"]
[PlyCount "45"]
[EventDate "2007.01.13"]
[EventType "team"]
[EventRounds "11"]
[EventCountry "ENG"]
[WhiteTeam "Oxford 1"]
[BlackTeam "H Kingfisher 2"]

1. e4 e6 2. d4 d5 3. Nc3 Nf6 4. Bg5 Be7 5. e5 Nfd7 6. Bxe7 Qxe7 7. f4 c5 8. Nb5
Nc6 9. Nc7+ Kd8 10. Nxa8 b6 11. Nf3 Bb7 12. Nxb6 axb6 13. c3 f6 14. Bb5 fxe5
15. Qa4 Kc7 16. dxe5 Ra8 17. Qc2 c4 18. Bxc6 Bxc6 19. Qxh7 Nc5 20. O-O Nd3 21.
Nd4 Qf8 22. Qg6 Kd7 23. f5 1-0

[Event "4NCL/Div2/HKF2 vs. OXF1"]
[Site "Coventry ENG"]
[Date "2007.01.13"]
[Round "5.7"]
[White "Crombleholme, Alan K"]
[Black "Smallbone, Kieran"]
[Result "0-1"]
[WhiteElo "2119"]
[BlackElo "2228"]
[PlyCount "80"]
[EventDate "2007.01.13"]
[EventType "team"]
[EventRounds "11"]
[EventCountry "ENG"]
[WhiteTeam "H Kingfisher 2"]
[BlackTeam "Oxford 1"]

1. d4 d5 2. Nf3 Nf6 3. c4 c6 4. Nc3 dxc4 5. a4 Bf5 6. e3 e6 7. Bxc4 Bb4 8. O-O
Nbd7 9. Nh4 Bg6 10. g3 O-O 11. Nxg6 hxg6 12. Qc2 Nb6 13. Bb3 Nc8 14. Rd1 Nd6
15. f3 Nf5 16. Qf2 Qb6 17. Bc2 Rfd8 18. g4 Ne7 19. e4 c5 20. Be3 cxd4 21. Rxd4
Rxd4 22. Bxd4 Qa5 23. Nb5 Nc6 24. Be3 Bf8 25. Qe1 Qxe1+ 26. Rxe1 Ne5 27. Kg2 a6
28. Nc3 Nc4 29. Bc1 Rc8 30. Bd3 Bb4 31. Rd1 Ne5 32. Bb1 Nc4 33. Ne2 Bc5 34. Bd3
Ne3+ 35. Bxe3 Bxe3 36. Ng3 Rc7 37. Nf1 Bf4 38. Nd2 Nd7 39. Nc4 Nc5 40. a5 Nxd3
0-1

[Event "4NCL/Div2/HKF2 vs. OXF1"]
[Site "Coventry ENG"]
[Date "2007.01.13"]
[Round "5.8"]
[White "Messam-Sparkes, Lateefah"]
[Black "Parmar, Amisha"]
[Result "1-0"]
[WhiteElo "1855"]
[BlackElo "1979"]
[PlyCount "61"]
[EventDate "2007.01.13"]
[EventType "team"]
[EventRounds "11"]
[EventCountry "ENG"]
[WhiteTeam "Oxford 1"]
[BlackTeam "H Kingfisher 2"]

1. e4 c5 2. Nf3 Nc6 3. Bc4 d6 4. a4 e6 5. Nc3 Nf6 6. d3 d5 7. Bb3 Nd4 8. Ba2
Be7 9. exd5 exd5 10. Nxd4 cxd4 11. Ne2 Qb6 12. O-O O-O 13. h3 Bd7 14. Bb3 Rfe8
15. Bf4 Bc5 16. Bg5 Rad8 17. Nf4 Be6 18. Bxf6 gxf6 19. Qf3 Rd6 20. Nh5 Bc8 21.
a5 Qd8 22. Qg3+ Kf8 23. Qg7+ Ke7 24. Rfe1+ Be6 25. Qxf6+ Kd7 26. Ba4+ Kc8 27.
Bxe8 Qxe8 28. Nf4 Qg8 29. Nxe6 fxe6 30. Re5 Qe8 31. Rae1 1-0

[Event "4NCL/Div2/BARY vs. PPA1"]
[Site "Coventry ENG"]
[Date "2007.01.13"]
[Round "5.1"]
[White "Lewis, Andrew P"]
[Black "Swanson, Stephen"]
[Result "1-0"]
[WhiteElo "2254"]
[BlackElo "2249"]
[PlyCount "95"]
[EventDate "2007.01.13"]
[EventType "team"]
[EventRounds "11"]
[EventCountry "ENG"]
[WhiteTeam "Barbican Yth"]
[BlackTeam "Poisnd Pawns 1"]

1. c4 d6 2. d4 e5 3. Nf3 Nd7 4. Nc3 Ngf6 5. e4 Be7 6. Be2 O-O 7. O-O Re8 8. Qc2
Bf8 9. Rd1 c6 10. Be3 a6 11. h3 g6 12. dxe5 dxe5 13. c5 h6 14. Na4 Qc7 15. Nd2
Kg7 16. Nc4 Rb8 17. Bf3 Ng8 18. Rd2 Ndf6 19. Qc3 Nd7 20. Rad1 Ngf6 21. b4 Kh7
22. a3 Bg7 23. Nd6 Re7 24. Nb6 Nf8 25. Ndxc8 Rxc8 26. Nxc8 Qxc8 27. Rd6 Qc7 28.
Qd2 Ne6 29. g3 Re8 30. Bg2 a5 31. f4 Nf8 32. f5 axb4 33. axb4 Ra8 34. g4 Ra3
35. Rd3 Ra4 36. Qc3 Qe7 37. Ra1 Rxa1+ 38. Qxa1 gxf5 39. gxf5 Nh5 40. Qe1 Nd7
41. Qd1 Ndf6 42. Rd8 b5 43. Ra8 Ng3 44. Qd6 Qb7 45. Qd8 Ne2+ 46. Kf1 Ng3+ 47.
Ke1 Ngh5 48. Bf3 1-0

[Event "4NCL/Div2/BARY vs. PPA1"]
[Site "Coventry ENG"]
[Date "2007.01.13"]
[Round "5.2"]
[White "Byway, Paul"]
[Black "Eggleston, David J"]
[Result "0-1"]
[WhiteElo "2175"]
[BlackElo "2284"]
[PlyCount "74"]
[EventDate "2007.01.13"]
[EventType "team"]
[EventRounds "11"]
[EventCountry "ENG"]
[WhiteTeam "Poisnd Pawns 1"]
[BlackTeam "Barbican Yth"]

1. d4 e6 2. Bf4 f5 3. e3 Nf6 4. Nf3 Be7 5. h3 O-O 6. Bd3 Ne4 7. Nbd2 d5 8. Qe2
Nd7 9. O-O-O c5 10. Bxe4 fxe4 11. Ne5 cxd4 12. Nxd7 Bxd7 13. Be5 dxe3 14. fxe3
Bf6 15. Bxf6 Rxf6 16. Rhf1 Rxf1 17. Rxf1 Qe7 18. Nb3 a6 19. Qd2 Bb5 20. Rf2 Rf8
21. Nd4 Rxf2 22. Qxf2 Bd7 23. Ne2 Qf6 24. Qxf6 gxf6 25. Nf4 Kf7 26. h4 Bc6 27.
g3 e5 28. Nh3 Kg6 29. Kd2 Kh5 30. Nf2 f5 31. c3 Bd7 32. Ke2 f4 33. exf4 exf4
34. gxf4 Kxh4 35. c4 Kg3 36. cxd5 Kxf4 37. Nd1 Bg4+ 0-1

[Event "4NCL/Div2/BARY vs. PPA1"]
[Site "Coventry ENG"]
[Date "2007.01.13"]
[Round "5.3"]
[White "Bigg, Andrew J"]
[Black "Posazhennikov, Alex"]
[Result "1/2-1/2"]
[WhiteElo "2238"]
[BlackElo "2232"]
[PlyCount "123"]
[EventDate "2007.01.13"]
[EventType "team"]
[EventRounds "11"]
[EventCountry "ENG"]
[WhiteTeam "Barbican Yth"]
[BlackTeam "Poisnd Pawns 1"]

1. d4 d5 2. Nf3 e6 3. c4 c6 4. Nc3 dxc4 5. Bg5 f6 6. Bf4 Bb4 7. e4 b5 8. Be2
Ne7 9. O-O Ng6 10. Bg3 O-O 11. a4 Bxc3 12. bxc3 Bb7 13. Qb1 Qd7 14. Rd1 a6 15.
Ra2 f5 16. exf5 exf5 17. Ne5 Nxe5 18. dxe5 Qe7 19. f4 Nd7 20. Bxc4+ Kh8 21. Bf2
Rab8 22. Bd3 g6 23. Rad2 Bc8 24. Bc2 bxa4 25. Qa2 Nb6 26. Bxa4 Be6 27. Bb3 Nd5
28. Bxd5 Bxd5 29. c4 Be6 30. Qxa6 Qb7 31. Qxb7 Rxb7 32. Rd6 Bxc4 33. Rxc6 Bb3
34. Rb1 Bd5 35. Rxb7 Bxc6 36. Rc7 Bd5 37. Rd7 Be6 38. Re7 Rc8 39. Bh4 Rc6 40.
Bf6+ Kg8 41. Rg7+ Kf8 42. Rxh7 Rc2 43. Rh8+ Kf7 44. Rd8 Rc4 45. Bg5 Rc2 46. Rd6
Ra2 47. h3 Rc2 48. Kh2 Rc3 49. Rd2 Rb3 50. g3 Rb5 51. Kg2 Bd5+ 52. Kf2 Be6 53.
Rc2 Rb7 54. Bh4 Bd5 55. Ke3 Ke6 56. Kd4 Rb4+ 57. Kc5 Rb7 58. Rd2 Rc7+ 59. Kd4
Rc4+ 60. Kd3 Rb4 61. Rd1 Rb1 62. Rxb1 1/2-1/2

[Event "4NCL/Div2/BARY vs. PPA1"]
[Site "Coventry ENG"]
[Date "2007.01.13"]
[Round "5.4"]
[White "Moore, Gerald"]
[Black "Hodgson, John H"]
[Result "1/2-1/2"]
[WhiteElo "2237"]
[BlackElo "2225"]
[PlyCount "42"]
[EventDate "2007.01.13"]
[EventType "team"]
[EventRounds "11"]
[EventCountry "ENG"]
[WhiteTeam "Poisnd Pawns 1"]
[BlackTeam "Barbican Yth"]

1. Nf3 Nf6 2. c4 g6 3. Nc3 d5 4. cxd5 Nxd5 5. g3 Bg7 6. Bg2 O-O 7. O-O Nc6 8.
d4 Nb6 9. d5 Na5 10. e4 c6 11. Nd4 cxd5 12. exd5 e6 13. b3 Nxd5 14. Nxd5 exd5
15. Ba3 Re8 16. Rc1 Nc6 17. Nxc6 bxc6 18. Rxc6 Qa5 19. Bd6 Be6 20. a4 Rec8 21.
b4 Rxc6 1/2-1/2

[Event "4NCL/Div2/BARY vs. PPA1"]
[Site "Coventry ENG"]
[Date "2007.01.13"]
[Round "5.5"]
[White "Farrand, Julian T"]
[Black "Dunn, Andrew"]
[Result "1/2-1/2"]
[WhiteElo "2164"]
[BlackElo "2190"]
[PlyCount "49"]
[EventDate "2007.01.13"]
[EventType "team"]
[EventRounds "11"]
[EventCountry "ENG"]
[WhiteTeam "Barbican Yth"]
[BlackTeam "Poisnd Pawns 1"]

1. d4 d5 2. Nc3 c6 3. e4 dxe4 4. Nxe4 Bf5 5. Ng3 Bg6 6. h4 h6 7. h5 Bh7 8. Nf3
e6 9. Bd3 Bxd3 10. Qxd3 Nf6 11. Bf4 Qa5+ 12. Bd2 Qc7 13. O-O-O Nbd7 14. Kb1 Bd6
15. Ne4 Nxe4 16. Qxe4 Nf6 17. Qe2 O-O-O 18. Ne5 Bxe5 19. dxe5 Nd7 20. f4 Nb6
21. Ba5 Rxd1+ 22. Rxd1 Rd8 23. Kc1 Rxd1+ 24. Qxd1 Qe7 25. Bxb6 1/2-1/2

[Event "4NCL/Div2/BARY vs. PPA1"]
[Site "Coventry ENG"]
[Date "2007.01.13"]
[Round "5.6"]
[White "Dignam, Matthew"]
[Black "Kilpatrick, Callum"]
[Result "1/2-1/2"]
[WhiteElo "2132"]
[BlackElo "2142"]
[PlyCount "112"]
[EventDate "2007.01.13"]
[EventType "team"]
[EventRounds "11"]
[EventCountry "ENG"]
[WhiteTeam "Poisnd Pawns 1"]
[BlackTeam "Barbican Yth"]

1. d4 Nf6 2. Nc3 d5 3. Bg5 Nbd7 4. Nf3 c6 5. Qd3 g6 6. O-O-O Bg7 7. e4 dxe4 8.
Nxe4 Nxe4 9. Qxe4 Nf6 10. Bxf6 Bxf6 11. Bc4 Bf5 12. Qf4 Qd6 13. Ne5 Be6 14.
Bxe6 Qxe6 15. Ng4 Bg7 16. Kb1 h5 17. Ne3 Qd6 18. Qe4 O-O-O 19. f4 e6 20. Rd3
Kb8 21. Rhd1 Bh6 22. g3 h4 23. Nc4 Qd5 24. Qe5+ Kc8 25. b3 Rh7 26. Qf6 hxg3 27.
hxg3 Qf5 28. Qxf5 gxf5 29. Rh1 Rdh8 30. Kb2 Kc7 31. Ne5 Bf8 32. Rxh7 Rxh7 33.
Nf3 Be7 34. Rd2 Rg7 35. Rg2 Bf6 36. c3 Be7 37. Kc2 Bd6 38. Rg1 c5 39. Kd3 b6
40. a4 Rg8 41. Ke3 Be7 42. Kf2 Bf6 43. Rh1 cxd4 44. cxd4 Rh8 45. Rxh8 Bxh8 46.
Ke3 Kd6 47. Ne1 Kd5 48. Nc2 a5 49. Kd3 Bf6 50. Ne3+ Kc6 51. Kc4 Bd8 52. Ng2 Be7
53. Nh4 Bb4 54. Nf3 f6 55. Ng1 Be1 56. Ne2 Bf2 1/2-1/2

[Event "4NCL/Div2/BARY vs. PPA1"]
[Site "Coventry ENG"]
[Date "2007.01.13"]
[Round "5.7"]
[White "Levermore, Peter A"]
[Black "Rosen, Daniel B"]
[Result "0-1"]
[WhiteElo "2104"]
[BlackElo "2121"]
[PlyCount "80"]
[EventDate "2007.01.13"]
[EventType "team"]
[EventRounds "11"]
[EventCountry "ENG"]
[WhiteTeam "Barbican Yth"]
[BlackTeam "Poisnd Pawns 1"]

1. e4 g6 2. d4 Bg7 3. Nc3 d6 4. Be3 c6 5. Qd2 Nd7 6. Nf3 Qc7 7. Bc4 Nb6 8. Be2
Bg4 9. a4 Bxf3 10. gxf3 Nd7 11. f4 e6 12. Rg1 Ne7 13. O-O-O d5 14. f5 exf5 15.
Bf4 Qa5 16. exf5 O-O-O 17. fxg6 hxg6 18. Kb1 Nf6 19. Rg5 Nf5 20. Rdg1 Bf8 21.
Be5 Be7 22. Bd3 Nd6 23. R5g2 Rh5 24. Qe2 Nde4 25. Nxe4 dxe4 26. Bxe4 Nxe4 27.
Qxe4 Qxa4 28. Qg4+ Rf5 29. Bg7 Kb8 30. Be5+ Ka8 31. c3 Qb3 32. Bc7 Rc8 33. Bg3
Ba3 34. f4 Re8 35. Re2 Re6 36. Bh4 a6 37. Qg2 Qd1+ 38. Ka2 Bxb2 39. Rxe6 Ra5+
40. Kxb2 Rb5+ 0-1